Atlas slovenského jazyka. [Diel] 1, Vokalizmus a konsonantizmus. Časť 2, Úvod, kometáre, materiály /

Hlavní autor: Štolc, Jozef, 1908-1981
Jazyk: Slovenština
Vydáno: Bratislava : Vydavateľstvo Slovenskej akadémie vied, 1968
Vydání: 1. vyd.
Témata:
Fyzický popis: 199 s. ; 4°
Knihy
Uloženo v:
LEADER 01207nam a22002892a 4500
001 000307111
003 CZ BrMZK
005 20210923093946.0
007 ta
008 020702s1968 xo f |||| 0 slo d
040 |a ABA001  |b cze  |c ABA001  |d ABA001  |d BOA001 
100 1 |a Štolc, Jozef,  |d 1908-1981  |7 kup20030000099672  |4 edt 
245 1 0 |a Atlas slovenského jazyka.  |n [Diel] 1,  |p Vokalizmus a konsonantizmus.  |n Časť 2,  |p Úvod, kometáre, materiály /  |c sprac. Jozef Štolc a [kol.] 
246 3 0 |a Vokalizmus a konsonantizmus 
246 3 0 |a Úvod, kometáre, materiály 
250 |a 1. vyd. 
260 |a Bratislava :  |b Vydavateľstvo Slovenskej akadémie vied,  |c 1968 
300 |a 199 s. ;  |c 4° 
650 0 7 |a jazyky  |7 ph117210  |2 czenas 
650 0 7 |a slovenština  |7 ph125682  |2 czenas 
655 7 |a atlasy  |7 fd131835  |2 czenas 
910 |a BOA001  |b 5-0625.905,1/2 
990 |a BK 
991 |b 200707 
996 7 |b 2619307595  |c 5-0625.905,1/2  |l MZK  |r DEP / do 15 dnů  |n 2  |w 000307111  |u 000030  |a 240  |e BOA001  |j MZK50  |s A 
996 6 |b 3119933384  |c 5-0625.905,1/2  |l MZK  |r HSS 4p  |n 0  |h 811.162.4 ATL  |w 000307111  |u 000020  |a 0  |e BOA001  |j MZK50  |s P 
996 6 |b BC-465646  |c 5-0625.905,1/2  |l MZK  |r DEP / do 15 dnů  |n 0  |w 000307111  |u 000040  |a 240  |e BOA001  |j MZK50  |s P